Gods, men, and heroes : ancient art at the Dallas Museum of Art /

محفوظ في:

المؤلف الرئيسي: Bromberg, Anne R. Author

مؤلف مشترك: Dallas Museum of Art.

مؤلفون آخرون: Kilinski, Karl.

التنسيق: كتاب

اللغة: English

منشور في: Dallas : The Museum in association with University of Washington Press, Seattle, 1996.

الموضوعات:

الوسوم: إضافة وسم

لا توجد وسوم, كن أول من يضع وسما على هذه التسجيلة!

رقم الطلب: N5335 .D35 D353

LEADER 01398nam a22003737a 4500
003 OSt
005 20260504102458.0
008 260504t1996 txua bc 001 0 eng
010 |a  96022975  
020 |a 0936227184 
020 |a 9780936227184 
035 |a 1162571 
040 |a DLC  |c DLC  |d DLC 
043 |a n-us-tx 
050 1 4 |a N5335 .D35  |b D353 
082 0 0 |a 709/.01/0747642812  |2 20 
100 1 |a Bromberg, Anne R.  |d Author 
245 1 0 |a Gods, men, and heroes :  |b ancient art at the Dallas Museum of Art /  |c Anne R. Bromberg and Karl Kilinski II ; Tom Jenkins, photographer. 
260 |a Dallas :  |b The Museum in association with University of Washington Press, Seattle,  |c 1996. 
300 |a 144 p. :  |b col. ill. ;  |c 28 cm. 
336 |a text  |b txt  |2 rdacontent 
337 |a unmediated  |b n  |2 rdamedia 
338 |a volume  |b nc  |2 rdacarrier 
504 |a Includes bibliographical references (p. 139-142) and index. 
610 2 0 |a Dallas Museum of Art  |x Catalogs. 
650 0 |a Art, Ancient  |x Catalogs. 
650 0 |a Art  |z Texas  |z Dallas  |x Catalogs. 
700 1 |a Kilinski, Karl. 
710 2 |a Dallas Museum of Art. 
906 |a 7  |b cbc  |c orignew  |d 1  |e ocip  |f 19  |g y-gencatlg 
942 |2 lcc  |c BK 
955 |a pc19 to JA00 05-23-96; jh01 05-23-96; jh21 05-23-96; jh99 05-24-96 to DDC; CIP ver. jf06 10-22-96 
955 |a LCAP batch update 2025-06-01-04:00: LCAPM-644, LCAPM-150 
999 |c 62228  |d 62228